[Event "Krasnoyarsk Region-ch"]
[Site "Krasnoyarsk"]
[Date "2016.10.05"]
[Round "7"]
[White "Langin, Viktor Petrovich"]
[Black "Miroshnichenko, Grigory"]
[Result "1-0"]
[WhiteElo "1943"]
[BlackElo "1920"]
[PlyCount "119"]
[EventDate "2016.09.29"]
[EventType "swiss"]
[EventRounds "11"]
[EventCountry "RUS"]
[SourceTitle "EXT 2018"]
[Source "ChessBase"]
[SourceDate "2017.10.13"]
[SourceVersion "1"]
[SourceVersionDate "2017.10.13"]
[SourceQuality "1"]

1. e4 b6 2. d4 Bb7 3. Bd3 e6 4. Nf3 d6 5. 0-0 Nd7 6. c4 Ne7 7. Nc3 h6 8. Be3 g5 9. h3 Ng6 10. Qd2 Qe7 11. Nb5 Nf6 12. Qc2 Nh5 13. g3 a6 14. Nc3 0-0-0 15. b4 f5 16. exf5 Ngf4 17. Be4 Rg8 18. fxe6 Qg7 19. d5 Qxc3 20. Qxc3 Ne2+ 21. Kh2 Nxc3 22. Bh7 Rg7 23. Bf5 Re7 24. Bg6 Ng7 25. Bd4 Nxd5 26. cxd5 Bxd5 27. Nd2 Ne8 28. Rfe1 Bg7 29. Bxg7 Nxg7 30. f4 gxf4 31. gxf4 Rf8 32. Kg3 Rxe6 33. Rxe6 Bxe6 34. Re1 Nf5+ 35. Bxf5 Bxf5 36. Nf3 Kd7 37. Nd4 c5 38. bxc5 bxc5 39. Nxf5 Rxf5 40. Kg4 Rf6 41. f5 d5 42. Rb1 c4 43. Kf4 Kc6 44. Ke5 Rf8 45. f6 Re8+ 46. Kf5 d4 47. f7 Rc8 48. Ke4 Kc5 49. Rf1 Rf8 50. Rf5+ Kd6 51. Kxd4 Ke6 52. Rf3 Rxf7 53. Rxf7 Kxf7 54. Kxc4 Kg6 55. a4 Kg5 56. a5 Kh4 57. Kc5 Kxh3 58. Kb6 Kg3 59. Kxa6 h5 60. Kb6 1-0